| 000 | 00691cab a2200229 4500 | ||
|---|---|---|---|
| 001 | WB3333-67 | ||
| 008 | 090401t1997 xxu||||| |||| 00| 0 eng d | ||
| 035 | _a(Sirsi) u80579 | ||
| 041 | _aeng | ||
| 245 | _aCanals seek trust status | ||
| 260 | _c1997 | ||
| 350 | _a0 | ||
| 490 |
_aFinancial Times _v29 August 1997, 1(1) |
||
| 520 | _aBritish Waterways is urging government to allow it to become a charitable trust in order to raise necessary funds for urgent repairs to the canal network. | ||
| 650 | _aBRITISH WATERWAYS | ||
| 650 | _aCANALS | ||
| 650 | _aCHARITABLE TRUSTS | ||
| 650 | _aREPAIRS | ||
| 690 | _aTRANSPORT AND COMMUNICATIONS | ||
| 942 | _n0 | ||
| 948 | _c29/08/1997 | ||
| 999 |
_c50723 _d50723 |
||